000 01194nam a22003977a 4500
001 0008684
003 KOHA_MİRAKIL
005 20260207001644.0
007 ta
008 091009b1998 tu |||gr||||#0|||0|tur |
020 _a9751602947
_cTL5
040 _aTR-BiSEU
_btur
_cTR-BiSEU
_erda
041 0 _atur
044 _ctu
050 _aDR590
_b.A35 1998
100 1 _aAfetinan, A..
245 1 _aTürkiye Cumhuriyeti ve Türk devrimi/
_cA. Afetinan ; A. Afet İnan.
264 1 _aAnkara :
_bAtatürk Kültür, Dil ve Tarih Yüksek Kurumu
_c1998
300 _avii, 222 sayfa: resimli, harita; 24 cm.
336 _ametin
_btxt
_2rdacontent
337 _aaracısız
_bn
_2rdamedia
338 _acilt
_bnc
_2rdacarrier
490 1 _aTürk Tarih Kurumu yayınları.
490 1 _a XVI.
490 1 _adizi ;
_vsa.
490 1 _a34b.
500 _aKaynakça ve dizin var.
650 0 _aAtatürk, Mustafa Kemal, 1881-1938.
_98428
650 0 _aTurkey--Politics and government 1918-1960.
_910671
830 1 _aTürk Tarih Kurumu yayınları.
_96704
830 1 _a XVI.
_910534
830 1 _adizi ;
_vsa.
_910357
830 1 _a34b.
_921808
907 _aTarih
942 _2lcc
_cBK
999 _c8656
_d8656